Incollable #06 - Découverte du monde - Statistiques

Statistiques générales
  • Ce quiz a été pris 1 637 fois
  • Le résultat moyen est 8 sur 11
Statistiques - réponses
Niveaux Questions Réponses % Correct
CP En France, en quelle saison neige-t-il le plus souvent ? L’hiver
100%
CM1 Où ont marchés Neil Armstrong et Edwin Aldrin en 1969 ? Sur la Lune
98%
Collège Quel est le pays le plus peuplé au monde ? La Chine
95%
CE2 Je suis un organe du corps humain. Je suis aussi un fleuve de l’Est de la France. Que suis-je ? Le rein (Rhin)
94%
Lycée Quel est le groupe sanguin des donneurs universels ? O
93%
CE1 Sur quel document trouve-t-on une échelle et une légende ? Une carte | Un plan
93%
CE1 Je n’arrête jamais de battre de la naissance à la mort. Qui suis-je ? Le cœur
91%
CM2 Quel grand fleuve de France prends sa source dans le Massif Central ? La Loire ( au Mont Gerbier-de-Jonc)
79%
CM2 Quel instrument qui donne l’heure a une seule aiguille, immobile ? Un cadran solaire
44%
Collège Quel fleuve américain coule au fond du Grand Canyon ? Le Colorado
36%
Lycée Contre quelle maladie agissait le premier vaccin de l’histoire en 1796 ? La variole
28%
Aucun quiz correspondant
Distribution des résultats
% des personnes avec chaque résultat
Percentile par nombre de réponses
Votre historique - résultats
Vous n’avez pas pris ce quiz